| 000 | 00381cam a22001337a 4500 | ||
|---|---|---|---|
| 008 | 180718b1960 xxu||||| |||| 00| 0 eng d | ||
| 082 | _aA6x7291 M624 | ||
| 100 | _aMilis, C.Wright | ||
| 245 |
_aCastro's Cuba---the revolution in Cuba _cby C. Wright Milis |
||
| 260 |
_aLondon _bSecker and Warburg _c1960 |
||
| 300 | _a190p. | ||
| 500 | _a16/- | ||
| 650 | _aCuba - History - Revolution | ||
| 999 |
_c374121 _d374121 |
||